000 00410nam a2200157Ia 4500
003 IN-BaIIA
008 211028s9999 xx 000 0 eng d
040 _cIIA Library
080 _a03:635.9
_bRAN
100 _aRandhawa, M.S.
_95832
245 0 _aFlowering trees
_cRandhawa M. S.
260 _aNew Delhi
_bNational Book Trust
_c1968
300 _aix, 205p.
650 _aFlowering trees
_95833
942 _cBK
999 _c3276
_d3276